| Tag |
First Indicator |
Second Indicator |
Subfields |
| LEADER |
00000cam a2200000 a 4500 |
| 001 |
in00000001447 |
| 005 |
20151007050435.0 |
| 008 |
981021s1998 vauab b f000 0 eng d |
| 035 |
|
|
|a (OCoLC)40144918
|
| 035 |
|
|
|9 AJB5332AM
|
| 040 |
|
|
|a GPO
|c GPO
|d DLC
|d MvI
|d UtOrBLW
|
| 043 |
|
|
|a n-us---
|
| 049 |
|
|
|a UDOC
|
| 074 |
|
|
|a 0621-L
|
| 086 |
0 |
|
|a I 19.127:081-98
|
| 245 |
0 |
0 |
|a Investigations of endocrine disruption in aquatic systems associated with the National Water Quality Assessment (NAWQA) Program.
|
| 246 |
1 |
|
|i At head of title:
|a USGS, science for a changing world
|
| 264 |
|
1 |
|a [Reston, Va.] :
|b U.S. Dept. of the Interior, U.S. Geological Survey,
|c [1998]
|
| 300 |
|
|
|a 4 unnumbered pages :
|b color illustrations, color map ;
|c 28 cm.
|
| 336 |
|
|
|a text
|b txt
|2 rdacontent
|
| 337 |
|
|
|a unmediated
|b n
|2 rdamedia
|
| 338 |
|
|
|a volume
|b nc
|2 rdacarrier
|
| 490 |
1 |
|
|a Fact sheet ;
|v FS-081-98
|
| 500 |
|
|
|a Caption title.
|
| 500 |
|
|
|a Shipping list number: 98-0365-P.
|
| 500 |
|
|
|a "August 1998"--P. [1].
|
| 504 |
|
|
|a Includes bibliographical references (page [4]).
|
| 610 |
2 |
0 |
|a National Water-Quality Assessment Program (U.S.)
|
| 650 |
|
0 |
|a Sex differentiation
|x Endocrine aspects.
|
| 650 |
|
0 |
|a Fish populations
|z United States.
|
| 650 |
|
0 |
|a Watersheds
|z United States.
|
| 710 |
2 |
|
|a Geological Survey (U.S.)
|
| 830 |
|
0 |
|a Fact sheet (Geological Survey (U.S.)) ;
|v FS-98-081.
|
| 999 |
|
|
|a MARS
|
| 999 |
f |
f |
|s d042dba0-9f08-3430-9e42-4735fdf631e8
|i 64616c47-baae-3d88-acf9-22ac98986837
|t 0
|
| 952 |
f |
f |
|p normal
|a Texas A&M University
|b College Station
|c Sterling C. Evans Library
|d Evans: US Documents (Annex 5th floor)
|t 0
|e I 19.127:081-98
|h Superintendent of Documents classification
|i unmediated -- volume
|m A14824410127
|
| 998 |
f |
f |
|a I 19.127:081-98
|t 0
|l Evans: US Documents (Annex 5th floor)
|